| 000 | 00454nam a2200181Ia 4500 | ||
|---|---|---|---|
| 008 | 221030s9999 xx 000 0 und d | ||
| 020 | _a007060651x | ||
| 041 | _aEnglish | ||
| 082 |
_a105.23 _bCat |
||
| 100 | _aJ. J. Cathey | ||
| 245 | 0 |
_aSchaum`s Outlines : Basic Electrical Engineering _cby J. J. Cathey, S. A. Nasar |
|
| 250 | _a2nd | ||
| 260 |
_bTMH _aNew Delhi _c2006 |
||
| 300 | _a18.11 | ||
| 650 | _aEE | ||
| 700 | _aS. A. Nasar | ||
| 942 | _cBK | ||
| 999 |
_c3515 _d3515 |
||